Harriet Tubman : (Record no. 870)
[ view plain ]
| 000 -LEADER | |
|---|---|
| fixed length control field | 01289nam a22002897a 4500 |
| 005 - DATE AND TIME OF LATEST TRANSACTION | |
| control field | 20230712155300.0 |
| 020 ## - INTERNATIONAL STANDARD BOOK NUMBER | |
| International Standard Book Number | 9780736845236 |
| 040 ## - CATALOGING SOURCE | |
| Original cataloging agency | FISKH |
| Language of cataloging | eng |
| Transcribing agency | FISKH |
| Modifying agency | FISKH |
| 050 ## - LIBRARY OF CONGRESS CALL NUMBER | |
| Classification number | E444.T82 |
| 082 ## - DEWEY DECIMAL CLASSIFICATION NUMBER | |
| Classification number | 305.5 |
| 100 ## - MAIN ENTRY--PERSONAL NAME | |
| Personal name | Nielson, Nancy J. |
| 245 ## - TITLE STATEMENT | |
| Title | Harriet Tubman : |
| Remainder of title | Let Freedom Ring / |
| Statement of responsibility, etc. | Author : Nielson, Nancy J. ; Illustrator : Miller, Jo |
| 260 ## - PUBLICATION, DISTRIBUTION, ETC. | |
| Place of publication, distribution, etc. | Minnesota : |
| Name of publisher, distributor, etc. | Bridgestone, |
| Date of publication, distribution, etc. | 2002 |
| 300 ## - PHYSICAL DESCRIPTION | |
| Extent | 48 pages : |
| Other physical details | illustrations, |
| Dimensions | 23 cm |
| 505 ## - FORMATTED CONTENTS NOTE | |
| Formatted contents note | N <br/> |
| 520 ## - SUMMARY, ETC. | |
| Summary, etc. | A biography of the African American woman best known for her work with the Underground Railroad, describing her childhood as a slave, her escape to the North, her assistance to the Union during the Civil War, and her accomplishments during the Reconstruction years in helping former slaves adapt to freedom. |
| 521 ## - TARGET AUDIENCE NOTE | |
| Target audience note | 560 |
| Source | Lexile estimate |
| 521 ## - TARGET AUDIENCE NOTE | |
| Target audience note | N <br/> |
| Source | Raz-Plus <br/> |
| 650 ## - SUBJECT ADDED ENTRY--TOPICAL TERM | |
| Topical term or geographic name entry element | Tupman, Harriet |
| General subdivision | Juvenile literature |
| 650 ## - SUBJECT ADDED ENTRY--TOPICAL TERM | |
| Source of heading or term | Slaves |
| Topical term or geographic name entry element | Biography |
| Form subdivision | United States |
| General subdivision | Juvenile literature |
| 650 ## - SUBJECT ADDED ENTRY--TOPICAL TERM | |
| Topical term or geographic name entry element | African American woman |
| Form subdivision | Biography |
| General subdivision | Juvenile literature |
| 650 ## - SUBJECT ADDED ENTRY--TOPICAL TERM | |
| Topical term or geographic name entry element | African American woman |
| Form subdivision | Biography |
| General subdivision | Juvenile literature |
| 650 ## - SUBJECT ADDED ENTRY--TOPICAL TERM | |
| Topical term or geographic name entry element | Underground Railroad |
| General subdivision | Juvenile literature |
| 942 ## - ADDED ENTRY ELEMENTS (KOHA) | |
| Source of classification or shelving scheme | Dewey Decimal Classification |
| Koha item type | Books |
| Suppress in OPAC | No |
| 999 ## - | |
| -- | 870 |
| -- | 870 |
| Withdrawn status | Lost status | Source of classification or shelving scheme | Damaged status | Not for loan | Collection | Home library | Current library | Shelving location | Date acquired | Total Checkouts | Full call number | Barcode | Date last seen | Date last checked out | Price effective from | Koha item type |
|---|---|---|---|---|---|---|---|---|---|---|---|---|---|---|---|---|
| Dewey Decimal Classification | Non-Fiction | Footprints International School Library Network Toul Kork Campus | Footprints International School Library Network Toul Kork Campus | TK Primary Library Room(4th Floor), Bookcase 3&4, Shelves 17-32, Yellow Books | 07/12/2023 | 2 | NIE 305.5 E444.T82 | FISTK01727 | 03/13/2025 | 12/20/2024 | 07/12/2023 | Books |
